Stevie Wonder-Sir Duke (Lyrics) - Statistics

General Stats
  • This quiz has been taken 127 times
  • The average score is 194 of 277
Answer Stats
Lyrics % Correct
I
98%
A
93%
All-all-all
88%
It
88%
All
87%
All,
87%
Music
85%
An
83%
Can
83%
Is
83%
You
83%
Feel
81%
We
81%
The
80%
In
78%
Over
78%
Over,
78%
Over?
78%
With
74%
Duke
73%
Sir
73%
And
71%
To
69%
World
69%
Be
67%
No,
67%
No
67%
Of
67%
Understand
67%
Itself
65%
Language
65%
Within
65%
For
63%
People
62%
People,
62%
Just
59%
Make
59%
Opportunity
59%
Don't
58%
Equal
58%
Will
58%
Groove
57%
Because
56%
Has
56%
That
56%
They
55%
When
55%
Yeah
55%
Way
53%
Sing,
52%
Their
52%
Clap
51%
Dance,
51%
Not
51%
Hands
50%
On,
50%
Are
49%
Groove
49%
King
49%
Out
49%
Record
49%
Us
49%
But
48%
Like
48%
Move
48%
Some
48%
There's
48%
Start
47%
Voice
47%
Could
45%
Lose
45%
Always
44%
Time
44%
Band
43%
Here
43%
Ringing
43%
Pioneers
42%
Tell
42%
Won't
41%
Allow
40%
Forget
40%
One
40%
Music's
37%
Right
37%
Away
35%
Things
34%
Life
33%
Miller,
33%
Now
33%
Knows
31%
Quit
31%
Ella's
30%
At
29%
Go
28%
Basie,
27%
Satchmo
26%
Come
23%
Letter
23%
Can't
21%
Everybody
10%
Let's
10%
No matching quizzes found
Score Distribution
Percent of People with Each Score
Percentile by Number Answered
Your Score History
You have not taken this quiz